[Event "4NCL"]
[Site "Barcelo Hotel, Daventry, ENG"]
[Date "2010.11.06"]
[Round "1.83"]
[White "Harley, Andrew D"]
[Black "Jaunooby, Ali Reza"]
[Result "1-0"]
[WhiteElo "2202"]
[BlackElo "2225"]
[PlyCount "137"]
[EventDate "2010.??.??"]
[WhiteTeam "Poisoned Pawns 1"]
[BlackTeam "3Cs 1"]

1. e4 g6 2. d4 Bg7 3. Nc3 d6 4. f4 a6 5. Nf3 b5 6. e5 Bb7 7. Bd3 Nd7 8. Qe2 Nh6
9. Be3 c5 10. Be4 Bxe4 11. Nxe4 cxd4 12. Bxd4 Nf5 13. O-O-O Nxd4 14. Rxd4 Qa5
15. Nc3 O-O 16. Kb1 Nb6 17. Nd5 Nxd5 18. Rxd5 Qb4 19. g3 dxe5 20. Nxe5 Rac8 21.
Rhd1 h6 22. Qd2 Qe4 23. Re1 Qa4 24. Nd7 Rfd8 25. Nf6+ Bxf6 26. Rxd8+ Rxd8 27.
Qxd8+ Kg7 28. Qd2 Qc4 29. Qd3 Qb4 30. c3 Qc5 31. Qe3 Qd6 32. Kc2 b4 33. Rd1 Qc6
34. Rd2 Qc4 35. b3 Qc6 36. c4 Qh1 37. Kd3 Bc3 38. Rf2 Qd1+ 39. Rd2 Qb1+ 40. Ke2
e6 41. Rd7 Qe1+ 42. Kf3 Qh1+ 43. Ke2 Qxh2+ 44. Qf2 Qh5+ 45. Kf1 Qh1+ 46. Qg1
Qe4 47. Qf2 a5 48. Qe2 Qc6 49. Rd3 Qh1+ 50. Kf2 Qa1 51. Rd1 Bd4+ 52. Kf3 Qc3+
53. Qd3 e5 54. Qxc3 bxc3 55. fxe5 Bxe5 56. a3 h5 57. b4 axb4 58. axb4 g5 59.
Rc1 f5 60. c5 Kf6 61. c6 Ke6 62. Re1 g4+ 63. Kg2 c2 64. Rc1 f4 65. gxf4 Bxf4
66. Rxc2 Bc7 67. b5 h4 68. b6 h3+ 69. Kh1 1-0

[Event "4NCL"]
[Site "Barcelo Hotel, Daventry, ENG"]
[Date "2010.11.06"]
[Round "1.84"]
[White "Burton, Graham P"]
[Black "Byway, Paul V"]
[Result "1/2-1/2"]
[WhiteElo "2080"]
[BlackElo "2162"]
[PlyCount "60"]
[EventDate "2010.??.??"]
[WhiteTeam "3Cs 1"]
[BlackTeam "Poisoned Pawns 1"]

1. e4 c5 2. Nf3 e6 3. d4 cxd4 4. Nxd4 Nf6 5. Nc3 Nc6 6. Bf4 Bb4 7. Ndb5 Nxe4 8.
Qf3 d5 9. Nc7+ Kf8 10. O-O-O Bxc3 11. bxc3 Rb8 12. Nxd5 exd5 13. Qxe4 dxe4 14.
Rxd8+ Nxd8 15. Bxb8 a6 16. Bc4 Be6 17. Rd1 Ke7 18. Bd6+ Kf6 19. Bb3 Nc6 20. Re1
Bxb3 21. axb3 Re8 22. Bc5 Kf5 23. Kd2 Rd8+ 24. Ke3 Kg6 25. h3 h5 26. Re2 f5 27.
f3 exf3 28. Kxf3 Kf6 29. h4 Rd5 30. Be3 g6 1/2-1/2

[Event "4NCL"]
[Site "Barcelo Hotel, Daventry, ENG"]
[Date "2010.11.06"]
[Round "1.87"]
[White "Winfridsson, Ola"]
[Black "Burke, Mitchell R"]
[Result "1/2-1/2"]
[WhiteElo "2140"]
[BlackElo "1895"]
[PlyCount "181"]
[EventDate "2010.??.??"]
[WhiteTeam "Poisoned Pawns 1"]
[BlackTeam "3Cs 1"]

1. d4 g6 2. g3 Bg7 3. Bg2 d6 4. c4 Nd7 5. Nf3 Ngf6 6. O-O O-O 7. Qc2 c5 8. Rd1
Qc7 9. d5 a6 10. Nc3 Rb8 11. a4 Nb6 12. Nd2 e5 13. e4 Ne8 14. a5 Nd7 15. Nf3 f5
16. exf5 gxf5 17. Ng5 Ndf6 18. Ne6 Bxe6 19. dxe6 Qe7 20. Qxf5 Nc7 21. Qd3 Nxe6
22. Qxd6 Qxd6 23. Rxd6 Nd4 24. h3 Nb3 25. Rb1 Nxa5 26. b3 Rfd8 27. Rxd8+ Rxd8
28. Be3 Rd3 29. Na4 Rxb3 30. Rxb3 Nxb3 31. Bxb7 Bf8 32. Bxa6 Kf7 33. Kg2 Ke6
34. Bc8+ Kd6 35. Bf5 Kc6 36. Bg5 Be7 37. Bxf6 Bxf6 38. Be4+ Kd6 39. Bxh7 Nd2
40. Bg8 e4 41. Nb6 Bg7 42. Nc8+ Ke5 43. Ne7 Bh6 44. g4 Bg5 45. Nf5 Kf4 46. Bd5
Bf6 47. Ng3 Bh4 48. Ne2+ Ke5 49. Ng3 Kf4 50. Nf5 Bf6 51. Nd6 Bg5 52. Ne8 Bh4
53. Ng7 Be7 54. Ne6+ Ke5 55. h4 Nf3 56. h5 Ng5 57. Ng7 Kf4 58. h6 Bf8 59. Ne6+
Nxe6 60. h7 Bg7 61. Bxe6 Bf6 62. Kh3 e3 63. fxe3+ Kxe3 64. g5 Bh8 65. Kg4 Ke4
66. Kh5 Ke5 67. Bd5 Kd6 68. Kg6 Ke7 69. Kf5 Kd6 70. Be6 Ke7 71. Bd5 Kd6 72. Bf3
Ke7 73. Be4 Kd6 74. Kg6 Ke7 75. Kf5 Kd6 76. g6 Ke7 77. Bd3 Bg7 78. Bf1 Bh8 79.
Bg2 Bg7 80. Bh3 Bh8 81. Ke4 Kd6 82. Bc8 Bg7 83. Kf5 Ke7 84. Bb7 Bh8 85. Bd5 Bg7
86. Bg8 Bh8 87. Bf7 Bg7 88. Kg5 Kf8 89. Kf5 Ke7 90. Bg8 Bh8 91. Bd5 1/2-1/2

[Event "4NCL"]
[Site "Barcelo Hotel, Daventry, ENG"]
[Date "2010.11.07"]
[Round "2.11"]
[White "Rosen, Daniel B"]
[Black "Cobb, James E"]
[Result "0-1"]
[WhiteElo "2125"]
[BlackElo "2401"]
[PlyCount "44"]
[EventDate "2010.??.??"]
[WhiteTeam "Poisoned Pawns 2"]
[BlackTeam "South Wales Dragons"]

1. e4 e6 2. d4 d5 3. Nc3 Nf6 4. Bg5 dxe4 5. Nxe4 Be7 6. Nxf6+ Bxf6 7. Bxf6 Qxf6
8. Nf3 O-O 9. Bd3 c5 10. c3 cxd4 11. Nxd4 e5 12. Ne2 Nd7 13. O-O Nc5 14. Bc2
Rd8 15. Qc1 b6 16. Qe3 Bf5 17. Bxf5 Qxf5 18. Rfd1 Qc2 19. Rxd8+ Rxd8 20. Ng3
Qxb2 21. Re1 f6 22. Qf3 Qxa2 0-1

[Event "4NCL"]
[Site "Barcelo Hotel, Daventry, ENG"]
[Date "2010.11.07"]
[Round "2.12"]
[White "Cooper, John G"]
[Black "McEwan, Ken B"]
[Result "1-0"]
[WhiteElo "2363"]
[BlackElo "2139"]
[PlyCount "59"]
[EventDate "2010.??.??"]
[WhiteTeam "South Wales Dragons"]
[BlackTeam "Poisoned Pawns 2"]

1. Nf3 Nf6 2. c4 c5 3. g3 g6 4. Bg2 Bg7 5. Nc3 Nc6 6. d4 cxd4 7. Nxd4 Nxd4 8.
Qxd4 O-O 9. O-O d6 10. Qd3 a6 11. Rd1 Qc7 12. Bg5 Be6 13. Nd5 Bxd5 14. cxd5 h6
15. Bd2 b5 16. Rac1 Qd7 17. Rc6 Rfc8 18. Rdc1 Rxc6 19. dxc6 Qc7 20. Qa3 Ne8 21.
Ba5 Qa7 22. c7 Rc8 23. Qe3 Bd4 24. Qxe7 Bxf2+ 25. Kf1 Bg1 26. e3 Bxe3 27. Bd5
Ng7 28. Re1 Bg1 29. Qxf7+ Kh7 30. Re7 1-0

[Event "4NCL"]
[Site "Barcelo Hotel, Daventry, ENG"]
[Date "2010.11.07"]
[Round "2.13"]
[White "Kemp, Paul R"]
[Black "Zeidler, Sven P"]
[Result "0-1"]
[WhiteElo "2106"]
[BlackElo "2247"]
[PlyCount "100"]
[EventDate "2010.??.??"]
[WhiteTeam "Poisoned Pawns 2"]
[BlackTeam "South Wales Dragons"]

1. e4 d5 2. exd5 Qxd5 3. d4 e5 4. Nf3 Bg4 5. Be2 exd4 6. Nxd4 Qxg2 7. Rf1 Bh3
8. Qd3 Nd7 9. Bf4 Nc5 10. Qe3+ Qe4 11. Qxe4+ Nxe4 12. Rg1 O-O-O 13. Nb5 Bc5 14.
Bg4+ Bxg4 15. Rxg4 c6 16. N5c3 Re8 17. Kf1 g6 18. Nxe4 Rxe4 19. Nd2 Re6 20. Nb3
Bb6 21. Bd2 f5 22. Rh4 Nf6 23. Bc3 h5 24. a4 a6 25. a5 Ba7 26. Bd4 Bxd4 27.
Rxd4 Rhe8 28. Rad1 Re2 29. R4d2 Rxd2 30. Rxd2 Kc7 31. f3 Re5 32. Kf2 g5 33. Nd4
f4 34. b4 Nd5 35. Re2 Rxe2+ 36. Kxe2 Kd6 37. c3 Nxc3+ 38. Kd3 Nd5 39. Nb3 Nxb4+
40. Kc4 Nd5 41. Nc5 g4 42. fxg4 hxg4 43. Kd4 f3 44. Nd3 Nf4 45. Nf2 c5+ 46. Ke4
Nh3 47. Nxg4 f2 48. Ne3 Kc6 49. Kf3 c4 50. Kg2 c3 0-1

[Event "4NCL"]
[Site "Barcelo Hotel, Daventry, ENG"]
[Date "2010.11.07"]
[Round "2.14"]
[White "Redmond, John P"]
[Black "Doci, Stefan"]
[Result "1/2-1/2"]
[WhiteElo "2212"]
[BlackElo "2095"]
[PlyCount "46"]
[EventDate "2010.??.??"]
[WhiteTeam "South Wales Dragons"]
[BlackTeam "Poisoned Pawns 2"]

1. c4 c6 2. Nf3 Nf6 3. g3 d5 4. Bg2 Bf5 5. O-O e6 6. Qb3 Qb6 7. Nc3 Be7 8. d3
Nbd7 9. Be3 Qxb3 10. axb3 a6 11. h3 h6 12. g4 Bh7 13. Bf4 O-O 14. Rfd1 Rfd8 15.
Bc7 Rdc8 16. Bg3 Rd8 17. Bc7 Rdc8 18. Bg3 Rd8 19. Nd2 Rac8 20. Rac1 Bb4 21.
Ndb1 Be7 22. Nd2 Bb4 23. Ndb1 Be7 1/2-1/2

[Event "4NCL"]
[Site "Barcelo Hotel, Daventry, ENG"]
[Date "2010.11.07"]
[Round "2.15"]
[White "Hutchinson, Norman A"]
[Black "Morris, Charles F"]
[Result "0-1"]
[WhiteElo "2054"]
[BlackElo "2188"]
[PlyCount "59"]
[EventDate "2010.??.??"]
[WhiteTeam "Poisoned Pawns 2"]
[BlackTeam "South Wales Dragons"]

1. e4 e6 2. d4 d5 3. Nd2 Nf6 4. e5 Nfd7 5. Ngf3 c5 6. c3 Nc6 7. Bd3 Be7 8. O-O
g5 9. dxc5 Nxc5 10. Bb5 Bd7 11. b4 Na6 12. Qe2 Nc7 13. Bxc6 bxc6 14. Nd4 a5 15.
f4 axb4 16. fxg5 bxc3 17. Qh5 Rf8 18. N2f3 c5 19. Qxh7 cxd4 20. g6 Bb5 21. Bh6
Kd7 22. Bxf8 Qxf8 23. gxf7 Bxf1 24. Rxf1 Rxa2 25. Nh4 Bxh4 26. Qxh4 d3 27. Qg3
c2 28. Qg8 Ra8 29. Qg6 Qc5+ 30. Kh1 0-1

[Event "4NCL"]
[Site "Barcelo Hotel, Daventry, ENG"]
[Date "2010.11.07"]
[Round "2.16"]
[White "James, David J"]
[Black "McCorry, Robert T"]
[Result "1-0"]
[WhiteElo "2126"]
[BlackElo "2055"]
[PlyCount "37"]
[EventDate "2010.??.??"]
[WhiteTeam "South Wales Dragons"]
[BlackTeam "Poisoned Pawns 2"]

1. Nf3 Nf6 2. c4 e6 3. Nc3 d5 4. d4 Bb4 5. Qa4+ Nc6 6. Bg5 h6 7. Bh4 O-O 8. e3
Bd7 9. Qc2 dxc4 10. Bxc4 Re8 11. O-O Ne7 12. Ne5 Nf5 13. Nxf7 Qe7 14. Bxf6 gxf6
15. Ne5 Nd6 16. Nxd7 Qxd7 17. Ne4 Kf7 18. Nc5 Bxc5 19. Qh7+ 1-0

[Event "4NCL"]
[Site "Barcelo Hotel, Daventry, ENG"]
[Date "2010.11.07"]
[Round "2.17"]
[White "Judkins, Brian D"]
[Black "Jameson, David"]
[Result "0-1"]
[WhiteElo "1890"]
[BlackElo "2049"]
[PlyCount "66"]
[EventDate "2010.??.??"]
[WhiteTeam "Poisoned Pawns 2"]
[BlackTeam "South Wales Dragons"]

1. e4 e5 2. Nf3 Nc6 3. d4 exd4 4. c3 dxc3 5. Nxc3 Bb4 6. Bc4 d6 7. O-O Bxc3 8.
bxc3 Nf6 9. e5 Nxe5 10. Nxe5 dxe5 11. Qb3 Qe7 12. Ba3 c5 13. Bb5+ Bd7 14. Bxd7+
Qxd7 15. Bxc5 Ne4 16. Ba3 Nd2 17. Qb4 O-O-O 18. Rfe1 Rhe8 19. Qc5+ Kb8 20. h3
Qd5 21. Qxd5 Rxd5 22. Bc1 Nc4 23. Be3 Rd3 24. Rac1 b6 25. Red1 Red8 26. Rxd3
Rxd3 27. Bg5 f6 28. Bh4 Nd6 29. Bg3 Ne4 30. c4 Nxg3 31. fxg3 Kc7 32. g4 Rd2 33.
a3 Rd3 0-1

[Event "4NCL"]
[Site "Barcelo Hotel, Daventry, ENG"]
[Date "2010.11.07"]
[Round "2.21"]
[White "Williams, Simon K"]
[Black "Dorrington, Chris J"]
[Result "0-1"]
[WhiteElo "2485"]
[BlackElo "2263"]
[PlyCount "66"]
[EventDate "2010.??.??"]
[WhiteTeam "Jutes of Kent"]
[BlackTeam "Barbican Youth"]

1. e4 c5 2. Nf3 e6 3. b3 Nf6 4. e5 Nd5 5. Bb2 Nc6 6. c4 Nde7 7. Nc3 d6 8. exd6
Nf5 9. Ne4 Bxd6 10. b4 Nxb4 11. g4 Nd4 12. Nxd4 cxd4 13. Bxd4 O-O 14. Bc3 Nc6
15. g5 e5 16. Bd3 Be7 17. Bb1 Be6 18. f4 Bxc4 19. fxe5 Qd5 20. d3 Rad8 21. Qe2
Ba6 22. Nf2 Bxg5 23. Rg1 Nd4 24. Qg4 Nf3+ 25. Kd1 Nxg1 26. Qxg1 Qf3+ 27. Ke1
Bh4 28. e6 Bxf2+ 29. Qxf2 fxe6 30. Qxf3 Rxf3 31. Ke2 Rh3 32. Be5 Bxd3+ 33. Bxd3
Rhxd3 0-1

[Event "4NCL"]
[Site "Barcelo Hotel, Daventry, ENG"]
[Date "2010.11.07"]
[Round "2.23"]
[White "Dickenson, Neil F"]
[Black "Franklin, Samuel GA"]
[Result "1-0"]
[WhiteElo "2313"]
[BlackElo "2203"]
[PlyCount "73"]
[EventDate "2010.??.??"]
[WhiteTeam "Jutes of Kent"]
[BlackTeam "Barbican Youth"]

1. d4 Nf6 2. c4 g6 3. Nc3 Bg7 4. e4 d6 5. Bd3 O-O 6. Nge2 Nc6 7. O-O e5 8. d5
Nd4 9. Nxd4 exd4 10. Ne2 Re8 11. f3 Nh5 12. g4 Nf6 13. Bg5 c5 14. Ng3 Qc7 15.
Kh1 a6 16. Qd2 Kh8 17. h4 Ng8 18. Qg2 Bd7 19. Bd2 b5 20. b3 bxc4 21. Bxc4 Bb5
22. Rac1 Qe7 23. Qh3 Nf6 24. h5 Nd7 25. f4 Nf6 26. hxg6 fxg6 27. Rce1 Bxc4 28.
bxc4 Qd7 29. f5 gxf5 30. Rxf5 Re5 31. g5 Ng8 32. g6 Nf6 33. Bg5 Rf8 34. Ref1
Kg8 35. Qh4 Rxf5 36. Nxf5 hxg6 37. Nxg7 1-0

[Event "4NCL"]
[Site "Barcelo Hotel, Daventry, ENG"]
[Date "2010.11.07"]
[Round "2.24"]
[White "Sen, Subin"]
[Black "Rich, Mark C"]
[Result "1/2-1/2"]
[WhiteElo "2150"]
[BlackElo "2145"]
[PlyCount "34"]
[EventDate "2010.??.??"]
[WhiteTeam "Barbican Youth"]
[BlackTeam "Jutes of Kent"]

1. Nf3 e6 2. c4 f5 3. Nc3 Nf6 4. g3 Be7 5. Bg2 O-O 6. O-O d6 7. d4 Ne4 8. Qc2
Nxc3 9. Qxc3 a5 10. Rd1 Bf6 11. Rb1 Qe8 12. b3 Nc6 13. Bb2 e5 14. dxe5 dxe5 15.
Qe3 e4 16. Nd4 Nxd4 17. Bxd4 Bd7 1/2-1/2

[Event "4NCL"]
[Site "Barcelo Hotel, Daventry, ENG"]
[Date "2010.11.07"]
[Round "2.25"]
[White "Harakis, Alexis M"]
[Black "Cumming, Rhys"]
[Result "1-0"]
[WhiteElo "2205"]
[BlackElo "2008"]
[PlyCount "122"]
[EventDate "2010.??.??"]
[WhiteTeam "Jutes of Kent"]
[BlackTeam "Barbican Youth"]

1. d4 Nf6 2. c4 g6 3. Nc3 d5 4. cxd5 Nxd5 5. Nf3 Bg7 6. Na4 Bf5 7. Nh4 Bc8 8.
Nf3 Bf5 9. Nh4 Bc8 10. g3 c6 11. Bg2 Nb6 12. Nf3 Na6 13. O-O O-O 14. h3 Bf5 15.
Nc3 c5 16. d5 Bxc3 17. bxc3 Nxd5 18. Ng5 Ndc7 19. Bxb7 Rb8 20. Bg2 Nb5 21. Qa4
Bc8 22. Qh4 h5 23. Ne4 Bf5 24. Bh6 Re8 25. Rfd1 Qb6 26. Rac1 Nac7 27. a4 Bxe4
28. Bxe4 Na3 29. g4 hxg4 30. hxg4 Qe6 31. Bf3 Nc4 32. Kg2 Qf6 33. g5 Qf5 34.
Qxc4 Ne6 35. Rd5 Nf4+ 36. Kg1 Nxd5 37. Bxd5 Red8 38. Bf3 Rb1 39. Rxb1 Qxb1+ 40.
Kg2 Qf5 41. Qa6 Qd7 42. Qa5 Rc8 43. c4 Qc7 44. Qc3 e5 45. Bd5 Qe7 46. Qd3 Kh7
47. Qh3 Qe8 48. Bf8+ Kg8 49. Be7 Qxe7 50. Qxc8+ Kg7 51. Qg4 f5 52. gxf6+ Qxf6
53. e3 Qe7 54. Kf3 Qf6+ 55. Ke2 Qb6 56. Qe6 Qb2+ 57. Kf3 Qa1 58. Qg8+ Kh6 59.
Qh8+ Kg5 60. Kg2 Qxa4 61. Kg3 Qd1 1-0

[Event "4NCL"]
[Site "Barcelo Hotel, Daventry, ENG"]
[Date "2010.11.07"]
[Round "2.26"]
[White "Stewart, Ashley"]
[Black "Atako, Chino"]
[Result "1-0"]
[WhiteElo "1980"]
[BlackElo "2041"]
[PlyCount "99"]
[EventDate "2010.??.??"]
[WhiteTeam "Barbican Youth"]
[BlackTeam "Jutes of Kent"]

1. e4 Nf6 2. e5 Nd5 3. c4 Nb6 4. c5 Nd5 5. d4 d6 6. cxd6 cxd6 7. Nf3 Nc6 8. Bc4
e6 9. O-O Be7 10. Qe2 Nb6 11. Bb3 O-O 12. Nc3 Nb4 13. Rd1 a5 14. a3 N4d5 15.
Qe4 Nxc3 16. bxc3 d5 17. Qd3 Bd7 18. Bc2 g6 19. Bh6 Re8 20. Qe3 Ba4 21. Bxa4
Nxa4 22. Rab1 Qc7 23. Rb3 Nb6 24. Rdb1 Nc4 25. Qf4 b6 26. Ng5 Bd8 27. h4 a4 28.
Rb4 Ra7 29. Ra1 Qc6 30. h5 Na5 31. Rc1 Nc4 32. Ra1 Na5 33. Rc1 Qd7 34. c4 Nxc4
35. Rbxc4 dxc4 36. Ne4 f5 37. exf6 Bc7 38. hxg6 hxg6 39. Qg4 Qf7 40. Bg5 b5 41.
Rc3 Rd8 42. Nc5 Rd5 43. Rh3 Rxg5 44. Qxg5 Bd6 45. Qh4 Qf8 46. Qh8+ Kf7 47. Rh7+
Ke8 48. Rxa7 Qxh8 49. f7+ Kf8 50. Nxe6# 1-0

[Event "4NCL"]
[Site "Barcelo Hotel, Daventry, ENG"]
[Date "2010.11.07"]
[Round "2.27"]
[White "Rice, Chris B"]
[Black "Sanders, Isaac B"]
[Result "0-1"]
[WhiteElo "2078"]
[BlackElo "1989"]
[PlyCount "82"]
[EventDate "2010.??.??"]
[WhiteTeam "Jutes of Kent"]
[BlackTeam "Barbican Youth"]

1. c4 Nf6 2. g3 g6 3. Bg2 Bg7 4. Nc3 O-O 5. d3 d6 6. Bg5 h6 7. Bd2 Nc6 8. e4 e5
9. Nge2 Nd7 10. O-O Nc5 11. Bc1 Nb4 12. Be3 Nbxd3 13. Qd2 Be6 14. Rab1 Nb4 15.
Nd5 a5 16. a3 Nba6 17. b4 Na4 18. Bxh6 c6 19. Bxg7 Kxg7 20. Ne3 Qc7 21. f4 Nb6
22. Rbc1 Rh8 23. f5 Bd7 24. Rcd1 axb4 25. axb4 Rad8 26. Rf2 gxf5 27. exf5 f6
28. Qb2 Be8 29. Nc3 Bf7 30. Bf1 d5 31. cxd5 cxd5 32. Nb5 Qe7 33. Rb1 d4 34. Ng4
Bh5 35. h3 Nd5 36. Bc4 Bxg4 37. hxg4 Ne3 38. Be2 d3 39. Bf3 e4 40. Bd1 Nxd1 41.
Rxd1 e3 0-1

[Event "4NCL"]
[Site "Barcelo Hotel, Daventry, ENG"]
[Date "2010.11.07"]
[Round "2.28"]
[White "Morrison, Lynne GP"]
[Black "Wilson, Alexandra"]
[Result "1/2-1/2"]
[WhiteElo "1911"]
[BlackElo "2047"]
[PlyCount "48"]
[EventDate "2010.??.??"]
[WhiteTeam "Barbican Youth"]
[BlackTeam "Jutes of Kent"]

1. d4 e6 2. Nf3 f5 3. g3 Nf6 4. Bg2 Be7 5. c4 d6 6. Nc3 O-O 7. O-O Ne4 8. Qd3
Nxc3 9. Qxc3 Nd7 10. e3 Bf6 11. Qc2 Qe8 12. Bd2 Qh5 13. e4 e5 14. dxe5 Nxe5 15.
Nxe5 Bxe5 16. exf5 Bxf5 17. Qb3 Rab8 18. Bc3 Bxc3 19. Qxc3 Bg4 20. Qd2 Bf3 21.
Bxf3 Qxf3 22. Rae1 Rbe8 23. b3 Kh8 24. Rxe8 Rxe8 1/2-1/2

[Event "4NCL"]
[Site "Barcelo Hotel, Daventry, ENG"]
[Date "2010.11.07"]
[Round "2.31"]
[White "Jones, Richard S"]
[Black "Arnott, Jonathan W"]
[Result "1-0"]
[WhiteElo "2373"]
[BlackElo "2165"]
[PlyCount "111"]
[EventDate "2010.??.??"]
[WhiteTeam "Rhyfelwyr Essyllwg"]
[BlackTeam "White Rose 2"]

1. e4 e6 2. d4 d5 3. Nc3 Nf6 4. Bg5 Be7 5. e5 Nfd7 6. Bxe7 Qxe7 7. Qd2 a6 8.
Nd1 c5 9. c3 Nc6 10. f4 f6 11. Nf3 cxd4 12. cxd4 fxe5 13. fxe5 O-O 14. h4 Qb4
15. Qxb4 Nxb4 16. Ne3 Nb6 17. a3 Nc6 18. b4 Rf4 19. Nc2 Bd7 20. Be2 Rc8 21. g3
Rxf3 22. Bxf3 Nxe5 23. Bd1 Nd3+ 24. Ke2 Bb5 25. Ne1 Nb2+ 26. Kf2 Nxd1+ 27. Rxd1
Rc3 28. Nf3 Bd3 29. Rhe1 Bf5 30. Rc1 Rxa3 31. Rc7 h6 32. Ne5 Rb3 33. g4 Be4 34.
Rxb7 Rxb4 35. Nd7 Rb2+ 36. Re2 Rxe2+ 37. Kxe2 Nc4 38. Nc5 e5 39. Nxe4 dxe4 40.
Rc7 Nb2 41. dxe5 Nd3 42. Rc4 Nxe5 43. Rxe4 Ng6 44. h5 Nf8 45. Ra4 g6 46. hxg6
Nxg6 47. Rxa6 Kg7 48. Ke3 Ne7 49. Ke4 Ng8 50. Ke5 Kf7 51. Ra8 Kg7 52. Ke6 Nf6
53. Kf5 Nd5 54. Ra7+ Kf8 55. Kg6 Ne3 56. Ra4 1-0

[Event "4NCL"]
[Site "Barcelo Hotel, Daventry, ENG"]
[Date "2010.11.07"]
[Round "2.32"]
[White "Lewyk, Ihor"]
[Black "Rees, Ioan"]
[Result "1/2-1/2"]
[WhiteElo "2110"]
[BlackElo "2319"]
[PlyCount "89"]
[EventDate "2010.??.??"]
[WhiteTeam "White Rose 2"]
[BlackTeam "Rhyfelwyr Essyllwg"]

1. Nf3 d5 2. d4 Nf6 3. e3 e6 4. Bd3 Nbd7 5. O-O Bd6 6. Nbd2 Qe7 7. e4 dxe4 8.
Nxe4 Nxe4 9. Bxe4 Nf6 10. Bd3 Bd7 11. Qe2 c5 12. Re1 h6 13. dxc5 Bxc5 14. Ne5
Bd6 15. Nxd7 Nxd7 16. Qf3 Rb8 17. Be3 b6 18. Bb5 O-O 19. Rad1 Rbd8 20. Bd4 Nc5
21. Qg4 f5 22. Qh5 e5 23. Bxc5 Bxc5 24. Rxd8 Qxd8 25. Qe2 e4 26. Rd1 Qf6 27. c3
Kh7 28. a4 Qe5 29. Re1 Rd8 30. g3 a5 31. Kg2 Rd5 32. Bc4 Rd6 33. Bb5 Re6 34.
Bc4 Re7 35. Bb5 Kh8 36. Rd1 f4 37. Qg4 Rf7 38. Qg6 Rf8 39. Re1 e3 40. Bd3 Qd5+
41. f3 Kg8 42. Qh7+ Kf7 43. Qg6+ Kg8 44. Qh7+ Kf7 45. Qg6+ 1/2-1/2

[Event "4NCL"]
[Site "Barcelo Hotel, Daventry, ENG"]
[Date "2010.11.07"]
[Round "2.33"]
[White "Kett, Timothy J"]
[Black "Shaw, Peter"]
[Result "1/2-1/2"]
[WhiteElo "2219"]
[BlackElo "2164"]
[PlyCount "47"]
[EventDate "2010.??.??"]
[WhiteTeam "Rhyfelwyr Essyllwg"]
[BlackTeam "White Rose 2"]

1. d4 d5 2. Nf3 Nf6 3. c4 c6 4. Nc3 a6 5. e3 b5 6. b3 Bg4 7. Bd3 e6 8. O-O Nbd7
9. Re1 Bb4 10. Bd2 O-O 11. e4 e5 12. a3 Ba5 13. exd5 exd4 14. Ne4 Bxd2 15.
Nexd2 bxc4 16. bxc4 cxd5 17. cxd5 Nxd5 18. h3 Bh5 19. Qc2 N7f6 20. Qa4 Nf4 21.
Bf1 Ne6 22. Rac1 Qd7 23. Qxd7 Nxd7 24. Rc6 1/2-1/2

[Event "4NCL"]
[Site "Barcelo Hotel, Daventry, ENG"]
[Date "2010.11.07"]
[Round "2.34"]
[White "O'Driscoll, Keiran"]
[Black "Brown, Tom"]
[Result "1/2-1/2"]
[WhiteElo "2109"]
[BlackElo "2070"]
[PlyCount "94"]
[EventDate "2010.??.??"]
[WhiteTeam "White Rose 2"]
[BlackTeam "Rhyfelwyr Essyllwg"]

1. d4 Nf6 2. c4 c5 3. d5 e6 4. Nc3 exd5 5. cxd5 d6 6. e4 g6 7. Bd3 Bg7 8. Nge2
O-O 9. O-O a6 10. a4 Nh5 11. Be3 Nd7 12. f4 Qe7 13. g4 Nhf6 14. Ng3 Nb6 15. Be2
Kh8 16. g5 Ne8 17. a5 Nd7 18. Qd2 b5 19. axb6 Nxb6 20. h4 f5 21. exf5 Bxf5 22.
Nxf5 Rxf5 23. Rae1 Qxe3+ 24. Qxe3 Bd4 25. Bg4 Rf8 26. Kg2 Bxe3 27. Rxe3 Nc7 28.
Be6 Nc4 29. Re2 Rab8 30. Rff2 Nb5 31. Nxb5 Rxb5 32. h5 Rfb8 33. hxg6 hxg6 34.
Bf7 Kg7 35. Re7 Rxb2 36. Be6+ Kh8 37. f5 Ne3+ 38. Kg3 Rxf2 39. Kxf2 Nxf5 40.
Ra7 Rb2+ 41. Ke1 Rg2 42. Bxf5 gxf5 43. Rxa6 Rxg5 44. Rxd6 f4 45. Rf6 Rxd5 46.
Rxf4 Kg7 47. Rf2 Kg6 1/2-1/2

[Event "4NCL"]
[Site "Barcelo Hotel, Daventry, ENG"]
[Date "2010.11.07"]
[Round "2.36"]
[White "Webb, Matthew D"]
[Black "Trevelyan, John"]
[Result "1-0"]
[WhiteElo "2063"]
[BlackElo "2130"]
[PlyCount "69"]
[EventDate "2010.??.??"]
[WhiteTeam "White Rose 2"]
[BlackTeam "Rhyfelwyr Essyllwg"]

1. e4 d6 2. d4 e5 3. Nc3 Be7 4. Nge2 Nf6 5. g3 Bg4 6. Bg2 Nc6 7. h3 exd4 8.
hxg4 dxc3 9. Nxc3 Ne5 10. g5 Nfd7 11. f4 Nc6 12. Be3 Nb6 13. Qe2 Bf8 14. O-O-O
Qe7 15. Bh3 Nb8 16. Bf5 N8d7 17. a4 c6 18. a5 Nc8 19. Bd4 Kd8 20. Rd2 Kc7 21.
Qc4 Kb8 22. Rhd1 h6 23. Rh2 h5 24. Re2 a6 25. e5 d5 26. Nxd5 cxd5 27. Qxd5 Kc7
28. e6 Nd6 29. Be5 fxe6 30. Bxe6 Rd8 31. Qc4+ Kb8 32. Bxd6+ Qxd6 33. Rxd6 Bxd6
34. Rd2 Nf8 35. Rxd6 1-0

[Event "4NCL"]
[Site "Barcelo Hotel, Daventry, ENG"]
[Date "2010.11.07"]
[Round "2.37"]
[White "Smith, Olivia"]
[Black "Faulks, Nick"]
[Result "1-0"]
[WhiteElo "2002"]
[BlackElo "2109"]
[PlyCount "49"]
[EventDate "2010.??.??"]
[WhiteTeam "Rhyfelwyr Essyllwg"]
[BlackTeam "White Rose 2"]

1. Nf3 c5 2. g3 b6 3. Bg2 Bb7 4. O-O Nf6 5. d3 e6 6. e4 d6 7. Nc3 Be7 8. Re1 a6
9. a4 O-O 10. e5 dxe5 11. Nxe5 Bxg2 12. Kxg2 Qc7 13. f4 Nbd7 14. Qf3 Rac8 15.
b3 Rfd8 16. Bb2 Nxe5 17. fxe5 Nd5 18. Rf1 Bf8 19. Ne4 Rd7 20. Rf2 Nb4 21. Raf1
Nc6 22. Qg4 Rcd8 23. Nf6+ Kh8 24. Nxd7 Rxd7 25. Qxe6 1-0

[Event "4NCL"]
[Site "Barcelo Hotel, Daventry, ENG"]
[Date "2010.11.07"]
[Round "2.41"]
[White "Munson, Shaun D"]
[Black "Eckersley-Waites, Adam"]
[Result "0-1"]
[WhiteElo "2201"]
[BlackElo "2216"]
[PlyCount "88"]
[EventDate "2010.??.??"]
[WhiteTeam "Anglian Avengers 1"]
[BlackTeam "Cambridge University 2"]

1. d4 Nf6 2. Bg5 c5 3. d5 Ne4 4. Bf4 Qb6 5. Bc1 e6 6. f3 Nf6 7. e4 exd5 8. exd5
Be7 9. Ne2 d6 10. Nec3 Bf5 11. Nd2 O-O 12. Nc4 Qd8 13. Bd3 Qd7 14. Ne3 Bxd3 15.
Qxd3 Re8 16. O-O Na6 17. a4 Bf8 18. Nc4 Nb4 19. Qd1 Qf5 20. Rf2 Nfxd5 21. Ne4
Nf6 22. c3 Nxe4 23. fxe4 Qxe4 24. cxb4 Qxc4 25. Rf4 Re4 26. Rxe4 Qxe4 27. bxc5
dxc5 28. Ra3 Rd8 29. Qf1 Qc2 30. Rc3 Qxa4 31. Qf3 Qd1+ 32. Qxd1 Rxd1+ 33. Kf2
f6 34. Be3 Kf7 35. b4 cxb4 36. Rc7+ Ke6 37. Bxa7 b3 38. Rxb7 Rd7 39. Rb8 Rxa7
40. Rxf8 Rb7 41. Re8+ Kd5 42. Re1 b2 43. Rb1 Kc4 44. Ke2 Kc3 0-1

[Event "4NCL"]
[Site "Barcelo Hotel, Daventry, ENG"]
[Date "2010.11.07"]
[Round "2.42"]
[White "Pickard, Charles"]
[Black "Talsma, Paul A"]
[Result "0-1"]
[WhiteElo "2134"]
[BlackElo "2260"]
[PlyCount "54"]
[EventDate "2010.??.??"]
[WhiteTeam "Cambridge University 2"]
[BlackTeam "Anglian Avengers 1"]

1. c4 f5 2. g3 Nf6 3. Bg2 g6 4. Nc3 Bg7 5. d3 d6 6. Nf3 O-O 7. O-O Nc6 8. Bd2
Nh5 9. e3 e5 10. Nd5 Ne7 11. Bc3 c6 12. Nxe7+ Qxe7 13. Qe2 Bd7 14. Nd2 Rae8 15.
Rfe1 Qf7 16. Bb4 Re6 17. a4 g5 18. g4 fxg4 19. Ne4 Qg6 20. Qxg4 Nf6 21. Qg3
Nxe4 22. Bxe4 Qh5 23. Bg2 Ref6 24. Kh1 Rf3 25. Bxf3 Rxf3 26. Qg1 Bh3 27. Ra3
Rf4 0-1

[Event "4NCL"]
[Site "Barcelo Hotel, Daventry, ENG"]
[Date "2010.11.07"]
[Round "2.43"]
[White "Gregory, Stephen J"]
[Black "Shridhar Mitesh"]
[Result "0-1"]
[WhiteElo "2099"]
[BlackElo "2118"]
[PlyCount "82"]
[EventDate "2010.??.??"]
[WhiteTeam "Anglian Avengers 1"]
[BlackTeam "Cambridge University 2"]

1. e4 c5 2. Nf3 Nc6 3. d3 g6 4. g3 Bg7 5. Bg2 d6 6. O-O Nf6 7. Re1 e5 8. c3 O-O
9. a3 b5 10. h3 Ne8 11. b4 Nc7 12. Be3 Ne6 13. a4 bxa4 14. Qxa4 Bd7 15. b5 Ne7
16. Qc4 Nc7 17. Na3 Rb8 18. Reb1 Qe8 19. d4 Nxb5 20. Nxb5 Bxb5 21. Qa2 cxd4 22.
cxd4 exd4 23. Bxd4 Nc6 24. Bxg7 Kxg7 25. Qd5 a6 26. Qxd6 Qxe4 27. Qa3 Qf5 28.
g4 Qf6 29. g5 Qf5 30. Qc3+ Kg8 31. Rxb5 Qxb5 32. Re1 Rbc8 33. Nh2 Qb4 34. Qa1
Nd4 35. Ng4 Qxe1+ 36. Qxe1 Rc1 37. Qf1 Rxf1+ 38. Bxf1 a5 39. h4 a4 40. Bc4 Nf3+
41. Kf1 Nxh4 0-1